00410nam a2200169Ia 4500003000400000005001700004008004100021040000700062041000800069082002400077100002100101245003000122260004500152365001300197650001600210650001400226OSt20230516104152.0210423s1990 xx 000 0 und d cAL aeng a307.1772 223bSINT aSINGH (K Suresh) aTribal situation in india aNew DelhibOxford University Pressc1990 b250cINR aCommunities aSociology